000 00606nam a22001577a 4500
003 OSt
005 20151002174834.0
008 151002b xxu||||| |||| 00| 0 eng d
040 _cRUA
082 _aAVM HAS 1995 B069 Or.1
100 _91826
_aHAS SOKHA
245 _aLayer feeds in preaksamrong pooultry station, (ចំណីអាហារសំរាប់មាន់ចិញ្ចឹមយកស៊ុតនៅស្ថានីយ៍ចិញ្ចឹមមាន់ពូជព្រែកសំរោង)
260 _aphnom penh
_bRUA
_c1995
300 _a52p.
_bill.
_c29cm.
942 _2ddc
_cAVM
999 _c1723
_d1723